header

The possibilities of transnational activism (Record no. 7185)

MARC details
000 -LEADER
fixed length control field 01799nam a2200361 a 4500
001 - CONTROL NUMBER
control field ebr10271059
003 - CONTROL NUMBER IDENTIFIER
control field CaPaEBR
006 - FIXED-LENGTH DATA ELEMENTS--ADDITIONAL MATERIAL CHARACTERISTICS--GENERAL INFORMATION
fixed length control field m u
007 - PHYSICAL DESCRIPTION FIXED FIELD--GENERAL INFORMATION
fixed length control field cr cn|||||||||
008 - FIXED-LENGTH DATA ELEMENTS--GENERAL INFORMATION
fixed length control field 070808s2007 mau sb 001 0 eng d
010 ## - LIBRARY OF CONGRESS CONTROL NUMBER
Canceled/invalid LC control number 2007031418
020 ## - INTERNATIONAL STANDARD BOOK NUMBER
Cancelled/invalid ISBN 9789004162587 (hardback : alk. paper)
Cancelled/invalid ISBN 9789047421757
040 ## - CATALOGING SOURCE
Original cataloging agency CaPaEBR
Transcribing agency CaPaEBR
035 ## - SYSTEM CONTROL NUMBER
System control number (OCoLC)646789895
050 14 - LIBRARY OF CONGRESS CALL NUMBER
Classification number JZ5588
Item number .D38 2007eb
082 04 - DEWEY DECIMAL CLASSIFICATION NUMBER
Classification number 327.1/7409041
Edition number 22
100 1# - MAIN ENTRY--PERSONAL NAME
Personal name Davies, Thomas Richard.
245 14 - TITLE STATEMENT
Title The possibilities of transnational activism
Medium [electronic resource] :
Remainder of title the campaign for disarmament between the two world wars /
Statement of responsibility, etc by Thomas Richard Davies.
260 ## - PUBLICATION, DISTRIBUTION, ETC. (IMPRINT)
Place of publication, distribution, etc Boston :
Name of publisher, distributor, etc Martinus Nijhoff Publishers,
Date of publication, distribution, etc 2007.
300 ## - PHYSICAL DESCRIPTION
Extent xii, 282 p.
490 1# - SERIES STATEMENT
Series statement History of international relations, diplomacy, and intelligence,
International Standard Serial Number 1874-0294 ;
Volume number/sequential designation v. 2
504 ## - BIBLIOGRAPHY, ETC. NOTE
Bibliography, etc Includes bibliographical references and index.
505 0# - FORMATTED CONTENTS NOTE
Formatted contents note pt. 1. Purpose and method -- pt. 2. Background to the disarmament campaign -- pt. 3. Evolution of the disarmament campaign -- pt. 4. The World Disarmament Conference -- pt. 5. Assessment : the possibilities of transnational activism.
533 ## - REPRODUCTION NOTE
Type of reproduction Electronic reproduction.
Place of reproduction Palo Alto, Calif. :
Agency responsible for reproduction ebrary,
Date of reproduction 2013.
Note about reproduction Available via World Wide Web.
-- Access may be limited to ebrary affiliated libraries.
650 #0 - SUBJECT ADDED ENTRY--TOPICAL TERM
Topical term or geographic name as entry element Disarmament
General subdivision History
Chronological subdivision 20th century.
Topical term or geographic name as entry element Non-governmental organizations
General subdivision History
Chronological subdivision 20th century.
Topical term or geographic name as entry element International organization.
655 #7 - INDEX TERM--GENRE/FORM
Genre/form data or focus term Electronic books.
Source of term local
710 2# - ADDED ENTRY--CORPORATE NAME
Corporate name or jurisdiction name as entry element ebrary, Inc.
830 #0 - SERIES ADDED ENTRY--UNIFORM TITLE
Uniform title History of international relations, diplomacy, and intelligence ;
Volume number/sequential designation v. 2.
856 40 - ELECTRONIC LOCATION AND ACCESS
Uniform Resource Identifier <a href="http://site.ebrary.com/lib/rucke/Doc?id=10271059">http://site.ebrary.com/lib/rucke/Doc?id=10271059</a>
Public note An electronic book accessible through the World Wide Web; click to view

No items available.

© 2026 Rongo University
Contact us: librarian | system librarian | Rongo university